[Event "Villa Martelli Panno 70-A"]
[Site "Villa Martelli"]
[Date "2023.05.14"]
[Round "7"]
[White "Di Berardino, Diego Rafael"]
[Black "Valerga, Diego"]
[Result "1/2-1/2"]
[WhiteElo "2479"]
[BlackElo "2443"]
[PlyCount "91"]
[EventDate "2023.05.09"]
[EventType "tourn"]
[EventRounds "9"]
[EventCountry "ARG"]
[EventCategory "7"]
[SourceTitle "CBM 214 Extra"]
[Source "ChessBase"]
[SourceDate "2023.07.31"]
[SourceVersion "1"]
[SourceVersionDate "2023.07.31"]
[SourceQuality "1"]

1. d4 d5 2. c4 e6 3. Nc3 Be7 4. cxd5 exd5 5. Bf4 c6 6. Qc2 g6 7. e3 Bf5 8. Qd2 Nd7 9. f3 Nb6 10. e4 Be6 11. Be3 Nf6 12. e5 Nfd7 13. f4 0-0 14. Nf3 Nc4 15. Bxc4 dxc4 16. 0-0 Nb6 17. Bf2 Nd5 18. h3 Nxc3 19. bxc3 f5 20. exf6 Bxf6 21. Rae1 Bd5 22. Ne5 Qc7 23. g4 Rae8 24. Kh2 Qd8 25. Bg3 Bg7 26. f5 g5 27. Re3 Bf6 28. Rfe1 Re7 29. Qf2 b5 30. R1e2 a5 31. a3 Rb7 32. Qe1 Kg7 33. Nf3 b4 34. axb4 axb4 35. cxb4 Bxf3 36. Rxf3 Qxd4 37. Be5 Bxe5+ 38. Rxe5 Qb2+ 39. Rf2 Qxb4 40. f6+ Kh8 41. Qxb4 Rxb4 42. Rxg5 c3 43. Rc5 Rb2 44. Kg3 Rxf2 45. Kxf2 Rxf6+ 46. Kg3 1/2-1/2

[Event "Villa Martelli Panno 70-A"]
[Site "Villa Martelli"]
[Date "2023.05.13"]
[Round "5"]
[White "Valerga, Diego"]
[Black "Romero Barreto, Jaime Jose"]
[Result "1/2-1/2"]
[WhiteElo "2443"]
[BlackElo "2361"]
[PlyCount "107"]
[EventDate "2023.05.09"]
[EventType "tourn"]
[EventRounds "9"]
[EventCountry "ARG"]
[EventCategory "7"]
[SourceTitle "CBM 214 Extra"]
[Source "ChessBase"]
[SourceDate "2023.07.31"]
[SourceVersion "1"]
[SourceVersionDate "2023.07.31"]
[SourceQuality "1"]

1. d4 Nf6 2. Nf3 g6 3. c4 Bg7 4. Nc3 d5 5. cxd5 Nxd5 6. e4 Nxc3 7. bxc3 c5 8. Be3 Qa5 9. Nd2 Nc6 10. d5 Ne5 11. Be2 Qxc3 12. 0-0 b6 13. Rc1 Qa3 14. Nb1 Qb4 15. d6 Bb7 16. Nc3 0-0 17. dxe7 Rfe8 18. a3 Qxa3 19. Nb5 Qb4 20. Nd6 Rxe7 21. Rb1 Qa3 22. Ra1 Qb2 23. Rb1 Qa2 24. f4 Rd8 25. fxe5 Bxe5 26. Bc4 Qa3 27. Rb3 Qa4 28. Rd3 Qxd1 29. Rfxd1 Rxd6 30. Rxd6 Bxd6 31. Rxd6 Rxe4 32. Bh6 Rd4 33. Rxd4 cxd4 34. Kf2 Bc6 35. Ba6 b5 36. Bf4 b4 37. Bb8 b3 38. Bxa7 b2 39. Bd3 Bb5 40. Bb1 d3 41. Ke3 Bc6 42. g3 Be4 43. Kd2 Kg7 44. Bd4+ Kh6 45. Bxb2 Kg5 46. Bxd3 Bxd3 47. Kxd3 Kg4 48. Ke3 Kh3 49. Kf4 Kxh2 50. g4 h6 51. Bf6 Kg2 52. Bg7 f5 53. gxf5 gxf5 54. Bxh6 1/2-1/2

[Event "Villa Martelli Panno 70-A"]
[Site "Villa Martelli"]
[Date "2023.05.13"]
[Round "6"]
[White "Valerga, Diego"]
[Black "Slipak, Sergio"]
[Result "1/2-1/2"]
[WhiteElo "2443"]
[BlackElo "2400"]
[PlyCount "21"]
[EventDate "2023.05.09"]
[EventType "tourn"]
[EventRounds "9"]
[EventCountry "ARG"]
[EventCategory "7"]
[SourceTitle "CBM 214 Extra"]
[Source "ChessBase"]
[SourceDate "2023.07.31"]
[SourceVersion "1"]
[SourceVersionDate "2023.07.31"]
[SourceQuality "1"]

1. e4 e5 2. Nf3 Nf6 3. Nxe5 d6 4. Nf3 Nxe4 5. Qe2 Qe7 6. d3 Nf6 7. Bg5 Qxe2+ 8. Bxe2 Be7 9. Nc3 c6 10. 0-0-0 Na6 11. Rhe1 1/2-1/2

[Event "Villa Martelli Panno 70-A"]
[Site "Villa Martelli"]
[Date "2023.05.11"]
[Round "3"]
[White "Valerga, Diego"]
[Black "Paveto, Kevin"]
[Result "0-1"]
[WhiteElo "2443"]
[BlackElo "2427"]
[PlyCount "80"]
[EventDate "2023.05.09"]
[EventType "tourn"]
[EventRounds "9"]
[EventCountry "ARG"]
[EventCategory "7"]
[SourceTitle "CBM 214 Extra"]
[Source "ChessBase"]
[SourceDate "2023.07.31"]
[SourceVersion "1"]
[SourceVersionDate "2023.07.31"]
[SourceQuality "1"]

1. Nf3 Nf6 2. c4 g6 3. b4 Bg7 4. Bb2 0-0 5. e3 b6 6. Be2 Bb7 7. 0-0 c5 8. b5 d5 9. cxd5 Qxd5 10. a4 Nbd7 11. d3 Qd6 12. Nbd2 Rad8 13. Qc2 Qb8 14. Rfd1 e5 15. Nc4 Nd5 16. Qb3 h6 17. Nfd2 Rfe8 18. a5 Nf8 19. Ne4 Ne6 20. h4 h5 21. Bf3 f5 22. Ng5 Nxg5 23. hxg5 Kh7 24. axb6 axb6 25. e4 Nf4 26. Nxb6 Qc7 27. Nc4 Qe7 28. Ra7 fxe4 29. dxe4 Rxd1+ 30. Qxd1 Rd8 31. Qxd8 Qxd8 32. Rxb7 Nd3 33. Bc3 Qa8 34. Na5 Qd8 35. Be2 Nf4 36. Bxe5 Nxe2+ 37. Kh2 Qxg5 38. Rxg7+ Kh6 39. g3 Qxe5 40. Rf7 Qa1 0-1

[Event "Villa Martelli Panno 70-A"]
[Site "Villa Martelli"]
[Date "2023.05.10"]
[Round "2"]
[White "Acosta, Pablo Ismael"]
[Black "Valerga, Diego"]
[Result "1-0"]
[WhiteElo "2491"]
[BlackElo "2443"]
[PlyCount "63"]
[EventDate "2023.05.09"]
[EventType "tourn"]
[EventRounds "9"]
[EventCountry "ARG"]
[EventCategory "7"]
[SourceTitle "CBM 214 Extra"]
[Source "ChessBase"]
[SourceDate "2023.07.31"]
[SourceVersion "1"]
[SourceVersionDate "2023.07.31"]
[SourceQuality "1"]

1. d4 Nf6 2. c4 g6 3. Nc3 d5 4. cxd5 Nxd5 5. e4 Nxc3 6. bxc3 Bg7 7. Bb5+ Bd7 8. Bc4 0-0 9. Ne2 c5 10. 0-0 Nc6 11. Bg5 Qc7 12. Rc1 Rae8 13. Bf4 Qc8 14. Be3 Rd8 15. Bd3 b6 16. Qb3 Na5 17. Qa3 c4 18. Bb1 e6 19. h4 f5 20. h5 Be8 21. h6 Bh8 22. Bg5 Bf6 23. Bxf6 Rxf6 24. Qe7 Rf7 25. Qg5 Rd6 26. Nf4 Nc6 27. Qg3 Rd8 28. exf5 exf5 29. Rfe1 Re7 30. Qg5 Rxe1+ 31. Rxe1 Qd7 32. d5 1-0

[Event "Mar del Plata op 52nd"]
[Site "Mar del Plata"]
[Date "2023.04.08"]
[Round "8"]
[White "Valerga, Diego"]
[Black "Romero Barreto, Jaime Jose"]
[Result "1-0"]
[WhiteElo "2431"]
[BlackElo "2359"]
[PlyCount "109"]
[EventDate "2023.04.01"]
[EventType "swiss"]
[EventRounds "9"]
[EventCountry "ARG"]
[SourceTitle "CBM 213 Extra"]
[Source "ChessBase"]
[SourceDate "2023.05.31"]
[SourceVersion "1"]
[SourceVersionDate "2023.05.31"]
[SourceQuality "1"]

1. d4 Nf6 2. Nf3 g6 3. c4 Bg7 4. Nc3 d5 5. cxd5 Nxd5 6. e4 Nxc3 7. bxc3 c5 8. Be3 Qa5 9. Qd2 0-0 10. Rc1 Nd7 11. d5 b5 12. Bd3 c4 13. Bb1 e5 14. 0-0 Qa3 15. Bh6 Qd6 16. Bxg7 Kxg7 17. Ne1 a5 18. Nc2 Ba6 19. f4 exf4 20. Rxf4 Kg8 21. Nd4 Rae8 22. Rcf1 b4 23. Qf2 f6 24. Ne6 Rxe6 25. dxe6 Qxe6 26. Rd1 Ne5 27. Qc5 Nd3 28. Bxd3 cxd3 29. Qxa5 bxc3 30. Qxc3 g5 31. Rf2 Qxe4 32. Rxf6 Rc8 33. Qd2 Qd4+ 34. Qf2 Qxf2+ 35. Rxf2 Kg7 36. Rdd2 Kg6 37. Rf3 Rc3 38. Kf2 Rc8 39. Ke3 Rd8 40. Rb2 Re8+ 41. Kd2 Re2+ 42. Kc3 Re6 43. a4 g4 44. Rxd3 Bxd3 45. Kxd3 g3 46. h3 Kf5 47. a5 Ra6 48. Ra2 h5 49. Kc4 Kg5 50. Kb5 Rf6 51. Ra3 h4 52. a6 Rf5+ 53. Kc4 Rf4+ 54. Kd5 Rf5+ 55. Ke4 1-0